Análisis de frecuencia y probabilidad de crecidas máximas para los ríos Negro y Colorado /
Guardado en:
| Autor Corporativo: | |
|---|---|
| Otros Autores: | , , |
| Formato: | Libro |
| Idioma: | Spanish |
| Publicado: |
[Río Negro] :
Ministerio de Economía, Subsecretaría de Asuntos Agrarios,
1970.
|
| Etiquetas: |
Agregar Etiqueta
Sin Etiquetas, Sea el primero en etiquetar este registro!
|
| LEADER | 00884nam a22001935a 4500 | ||
|---|---|---|---|
| 001 | EEA.libagro000437 | ||
| 008 | 130809s1970####ag#a##########000#0#spa#d | ||
| 005 | 20191022124719.0 | ||
| 245 | 1 | 0 | |a Análisis de frecuencia y probabilidad de crecidas máximas para los ríos Negro y Colorado / |c Rodolfo O. Curveto, Marta N. García, Jorge A. Luque. |
| 260 | |a [Río Negro] : |b Ministerio de Economía, Subsecretaría de Asuntos Agrarios, |c 1970. | ||
| 300 | |a 18 p. : |b tablas., gráf. ; |c 27 cm. | ||
| 500 | |a Trabajo de cátedra nº 9. | ||
| 700 | 1 | |a Curveto, Rodolfo O. | |
| 700 | 1 | |a García, Marta N. | |
| 700 | 1 | |a Luque, Jorge Alfredo. | |
| 710 | 2 | |a Río Negro (Argentina : Provincia). |b Ministerio de Economía. |b Subsecretaría de Asuntos Agrarios. | |
| 082 | 0 | 4 | |a 551.483 |
| 859 | |a AR-BbBCA |b BIB. AGRONOMIA |h 551.483 |i C981 |p 1975/0065 | ||
| 859 | |a AR-BbBCA |b BIB. AGRONOMIA |h 551.483 |i C981 |p 1981/0052 |t Ej.2 | ||
